000 00448nam a2200181Ia 4500
001 9738
005 20260306161740.0
008 260306t2012||||xx |||||||||||||| ||spa||
041 _aESP
082 _a410
_bG28 2012
100 _aGatti Murriel, Carlos
_eAUT
245 0 _aTécnicas de lectura y redacción:
_blenguaje científico y académico
260 _c2012
300 _a
_c
650 _aGEN
654 _aCED
942 _cLIB
_dJUS
_fJUS
_2ddc
_n
999 _c9738
_d9738